• 首页
  • 本馆介绍
  • 公告通知
  • 最新文献
  • 馆藏检索
  • 电子资源
  • 读者导购
  • 参考咨询
  • 我的图书馆
  • 登录
  • 详细信息显示
  • 放入我的书架
  • 预约/预借图书
  • 作者相关作品
  • 分类相关作品
  • 丛书相关作品
  • 出版社相关作品

书目信息

  • 表格格式
  • 工作单格式
  • 卡片格式
题名:
大遗址遥感动态监测研究
    
 
作者: 王臣立 编著 ;中国文化遗产研究院 编
分册:  
出版信息: 北京   文物出版社  2014
页数: 126页
开本: 26cm
丛书名:
单 册:
中图分类: K878.04
科图分类:
主题词: 遥感技术--Yao Gan Ji Shu--应用--文化遗址--动态监测--研究--中国
电子资源:
ISBN: 978-7-5010-4153-4
000 00991nam0 22002531 450
001 351046
005 20161013164604.29
010    @a978-7-5010-4153-4@dCNY160.00
100    @a20150409d2014 em y0chiy50 ea
101 0  @achi
102    @aCN@b110000
105    @aa a 000yy
106    @ar
200 1  @a大遗址遥感动态监测研究@ADa Yi Zhi Yao Gan Dong Tai Jian Ce Yan Jiu@f中国文化遗产研究院编@g王臣立编著
210    @a北京@c文物出版社@d2014
215    @a126页@c彩图@d26cm
320    @a有书目 (第121-126页)
330    @a本书是对大遗址遥感动态监测的研究,内容包括大遗址遥感动态监测目的和意义、大遗址遥感动态变化检测技术探讨、大遗址遥感动态监测人工判读方法、大遗址遥感动态监测数据结果分析等。
606 0  @a遥感技术@AYao Gan Ji Shu@x应用@x文化遗址@x动态监测@x研究@y中国
690    @aK878.04@v5
701  0 @a王臣立@AWang Chen Li@4编著
712 02 @a中国文化遗产研究院@AZhong Guo Wen Hua Yi Chan Yan Jiu Yuan@4编
801  0 @aCN@bTANGWEI@c20160811
905    @b0892863-5@dK878.04@e313@f3
    
    大遗址遥感动态监测研究/中国文化遗产研究院编/王臣立编著.-北京:文物出版社,2014
    126页:彩图;26cm
    
    
    ISBN 978-7-5010-4153-4:CNY160.00
    本书是对大遗址遥感动态监测的研究,内容包括大遗址遥感动态监测目的和意义、大遗址遥感动态变化检测技术探讨、大遗址遥感动态监测人工判读方法、大遗址遥感动态监测数据结果分析等。
●
相关链接 在E读中查询图书 在五车中查询图书 在当当中查询图书 在豆瓣中查询图书


正题名:大遗址遥感动态监测研究     索取号:K878.04/313         预约/预借

序号 登录号 条形码 馆藏地/架位号 状态 备注
1 0892863   208928632   第二样本阅览室/ [索取号:K878.04/313] 在馆    
2 0892864   208928641   第二借阅区/ [索取号:K878.04/313] 在馆    
3 0892865   208928650   密集书库-资源管理系/ [索取号:K878.04/313] 在馆    
唐山师范学院图书馆 欢迎您!
大连网信软件有限公司© 版权所有